| 000 | 00882pam a2200265 a 4500 | ||
|---|---|---|---|
| 001 | 1036933 | ||
| 003 | GBCCL | ||
| 005 | 20241126110343.0 | ||
| 008 | 890918s1990 ilua b 001 0 eng | ||
| 010 | _a 89027865 | ||
| 020 | _a0802492614 | ||
| 040 |
_aDLC _cDLC _dDLC |
||
| 050 | 0 | 0 |
_aBS1265.3 _b.H37 1990 |
| 082 | 0 | 0 |
_a222.1407 _220 _bHAR |
| 100 | 1 |
_aHarrison, R. K. _q(Roland Kenneth) |
|
| 245 | 1 | 0 |
_aNumbers / _cR.K. Harrison. |
| 260 |
_aChicago : _bMoody Press, _cc1990. |
||
| 300 |
_axvi, 452 p. : _bill. ; _c24 cm. |
||
| 440 | 4 | _aThe Wycliffe exegetical commentary | |
| 504 | _aIncludes bibliographical references and indexes. | ||
| 630 | 0 | 0 |
_aBible. _pNumbers _xCommentaries. |
| 906 |
_a7 _bcbc _corignew _d1 _eocip _f19 _gy-gencatlg |
||
| 942 |
_2ddc _cREF |
||
| 999 |
_c656 _d656 |
||